000 00811nam a2200193 a 4500
005 20140412111312.0
008 010326s19uu xx 00 eng d
020 _a0-7835-1312-7
050 _aREF 170
_bC54Sa v.13
245 _aSaving the old apple tree :
_ba book about caring for the environment.
260 _aAsia :
_bTime Life Asia,
_c1997.
300 _a29 p. ; ill.
440 _aA Child's First Library of Values
500 _aw/ casette tape
520 _aTo make way for a new railway, much-loved old apple tree in a quite country village is threatened with being cut down. As the adults of the village take up their saws and axes, it is up to the children to remind them of the importance of nature and environment.
650 _aValues
650 _aEnvironment - Fiction
999 _c104029
_d104029